|
|
|
|
| LEADER |
02138nam a2200397 a 4500 |
| 001 |
EBC416222 |
| 003 |
MiAaPQ |
| 005 |
20200520144314.0 |
| 006 |
m o d | |
| 007 |
cr cn||||||||| |
| 008 |
081105s2009 nju sb 001 0 eng d |
| 010 |
|
|
|z 2008047013
|
| 020 |
|
|
|z 9780470442210 (cloth)
|
| 035 |
|
|
|a (MiAaPQ)EBC416222
|
| 035 |
|
|
|a (Au-PeEL)EBL416222
|
| 035 |
|
|
|a (CaPaEBR)ebr10297621
|
| 035 |
|
|
|a (CaONFJC)MIL268410
|
| 035 |
|
|
|a (OCoLC)318703999
|
| 040 |
|
|
|a MiAaPQ
|c MiAaPQ
|d MiAaPQ
|
| 043 |
|
|
|a n-us---
|
| 050 |
|
4 |
|a HD3616.U6
|b T352 2009
|
| 082 |
0 |
4 |
|a 330.973
|2 22
|
| 100 |
1 |
|
|a Talbott, John R.,
|d 1955-
|
| 245 |
1 |
0 |
|a Contagion
|h [electronic resource] :
|b the financial epidemic that is sweeping the global economy--and how to protect yourself from it /
|c John R. Talbott.
|
| 260 |
|
|
|a Hoboken, N.J. :
|b Wiley,
|c c2009.
|
| 300 |
|
|
|a 256 p.
|
| 504 |
|
|
|a Includes bibliographical references and index.
|
| 505 |
0 |
|
|a Bamboozled -- What didn't cause the U.S. housing boom and bust -- What did cause the U.S. housing boom and bust -- The contagion spreads from sub-prime to prime -- How low will housing prices go in the U.S.? -- The U.S. economy was not in great shape to begin with -- U.S. enters a long recession -- The global economy catches the contagion -- Too big to fail : the $400 trillion derivatives market -- Our local governments feel the pinch -- From Wall Street to Main Street -- Demographics magnify contagion -- Which investments and which countries will weather the storm the best? -- Stop the bleeding -- No future without reform -- A warning shot across our bow.
|
| 533 |
|
|
|a Electronic reproduction. Ann Arbor, MI : ProQuest, 2015. Available via World Wide Web. Access may be limited to ProQuest affiliated libraries.
|
| 650 |
|
0 |
|a Deregulation
|z United States.
|
| 650 |
|
0 |
|a Financial crises
|z United States.
|
| 650 |
|
0 |
|a Finance, Personal
|z United States.
|
| 651 |
|
0 |
|a United States
|x Economic conditions
|y 2001-2009.
|
| 655 |
|
4 |
|a Electronic books.
|
| 710 |
2 |
|
|a ProQuest (Firm)
|
| 856 |
4 |
0 |
|u https://ebookcentral.proquest.com/lib/matrademy/detail.action?docID=416222
|z Click to View
|